Basic Business Communication (Record no. 1018)

MARC details
000 -LEADER
fixed length control field 00411nam a22001697a 4500
005 - DATE AND TIME OF LATEST TRANSACTION
control field 20160518121452.0
008 - FIXED-LENGTH DATA ELEMENTS--GENERAL INFORMATION
fixed length control field 160518b xxu||||| |||| 00| 0 eng d
020 ## - INTERNATIONAL STANDARD BOOK NUMBER
ISBN 10-07-059975-0
041 ## - LANGUAGE CODE
Language code of text/sound track or separate title eng
082 ## - DEWEY DECIMAL CLASSIFICATION NUMBER
Item number 2909
100 ## - MAIN ENTRY--AUTHOR NAME
Personal name Lesikar, R.V. Flatley, M.E.
245 ## - TITLE STATEMENT
Title Basic Business Communication
260 ## - PUBLICATION, DISTRIBUTION, ETC. (IMPRINT)
Place of publication New Delhi
Name of publisher TMH,
Year of publication 2005
300 ## - PHYSICAL DESCRIPTION
Number of Pages 606
650 ## - SUBJECT ADDED ENTRY--TOPICAL TERM
Topical Term Management
942 ## - ADDED ENTRY ELEMENTS (KOHA)
Koha item type Books
Holdings
Lost status Damaged status Collection code Home library Current library Shelving location Date acquired Full call number Accession Number Koha item type
    MANAGEMENT JRU Library JRU Library SHELF-62 -J 18/05/2016 2909 2909 Books
    MANAGEMENT JRU Library JRU Library SHELF-62 -J 18/05/2016 2909 2910 Books
    MANAGEMENT JRU Library   SHELF-62 -J 18/05/2016 2909 2911 Books
    MANAGEMENT JRU Library JRU Library SHELF-62 -J 18/05/2016 2909 2912 Books
    MANAGEMENT JRU Library JRU Library SHELF-62 -J 18/05/2016 2909 2913 Books
    MANAGEMENT JRU Library JRU Library SHELF-62 -J 18/05/2016 2909 2914 Books
    MANAGEMENT JRU Library JRU Library SHELF-62 -J 18/05/2016 2909 2915 Books
    MANAGEMENT JRU Library JRU Library SHELF-62 -J 18/05/2016 2909 2916 Books
    MANAGEMENT JRU Library JRU Library SHELF-62 -J 18/05/2016 2909 2917 Books
    MANAGEMENT JRU Library   SHELF-62 -J 18/05/2016 2909 2918 Books